<?xml version='1.0' encoding='UTF-8'?>
  <record xmlns="http://www.loc.gov/MARC21/slim">
    <leader>00000cam a2200000 i 4500</leader>
    <controlfield tag="001">ocm64142564</controlfield>
    <controlfield tag="003">OCoLC</controlfield>
    <controlfield tag="005">20250912151124.9</controlfield>
    <controlfield tag="008">850719s1814    ne            000 0 lat d</controlfield>
    <datafield tag="040" ind1=" " ind2=" ">
      <subfield code="a">NLGGC</subfield>
      <subfield code="b">dut</subfield>
      <subfield code="e">fobidrtb</subfield>
      <subfield code="c">NLGGC</subfield>
      <subfield code="d">QGJ</subfield>
      <subfield code="d">L2U</subfield>
      <subfield code="d">OCLCQ</subfield>
      <subfield code="d">OCLCO</subfield>
      <subfield code="d">QGJ</subfield>
      <subfield code="d">OCLCL</subfield>
      <subfield code="d">OCLCQ</subfield>
    </datafield>
    <datafield tag="019" ind1=" " ind2=" ">
      <subfield code="a">967576612</subfield>
    </datafield>
    <datafield tag="029" ind1="0" ind2=" ">
      <subfield code="a">NLGGC</subfield>
      <subfield code="b">852015585</subfield>
    </datafield>
    <datafield tag="035" ind1=" " ind2=" ">
      <subfield code="a">(OCoLC)64142564</subfield>
      <subfield code="z">(OCoLC)967576612</subfield>
    </datafield>
    <datafield tag="084" ind1=" " ind2=" ">
      <subfield code="a">42.40</subfield>
      <subfield code="2">bcl</subfield>
    </datafield>
    <datafield tag="100" ind1="1" ind2=" ">
      <subfield code="a">Geer van Jutphaas, J.L.W. de</subfield>
      <subfield code="q">(Jan Lodewijk Willem),</subfield>
      <subfield code="d">1784-1857.</subfield>
      <subfield code="1">https://id.oclc.org/worldcat/entity/E39PBJghqHgYdfB6rGmqYV74MP</subfield>
    </datafield>
    <datafield tag="245" ind1="1" ind2="0">
      <subfield code="a">Plantarum Belgii confoederati indigenarum spicilegium alterum, quo Gorteri Flora VII. provinciarum amplificatur &amp; illustratur /</subfield>
      <subfield code="c">Joh. Ludov. Guilielm. de Geer.</subfield>
    </datafield>
    <datafield tag="246" ind1="3" ind2=" ">
      <subfield code="a">Plantarum Belgii confoederati indigenarum spicilegium alterum, quo Gorteri Flora 7. provinciarum amplificatur &amp; illustratur</subfield>
    </datafield>
    <datafield tag="260" ind1=" " ind2=" ">
      <subfield code="a">Trajecti :</subfield>
      <subfield code="b">Apud Johannem Altheer,</subfield>
      <subfield code="c">1814.</subfield>
    </datafield>
    <datafield tag="300" ind1=" " ind2=" ">
      <subfield code="a">59 p. ;</subfield>
      <subfield code="c">23 cm</subfield>
    </datafield>
    <datafield tag="336" ind1=" " ind2=" ">
      <subfield code="a">tekst</subfield>
      <subfield code="b">txt</subfield>
      <subfield code="2">rdacontent/dut</subfield>
    </datafield>
    <datafield tag="337" ind1=" " ind2=" ">
      <subfield code="a">zonder medium</subfield>
      <subfield code="b">n</subfield>
      <subfield code="2">rdamedia/dut</subfield>
    </datafield>
    <datafield tag="338" ind1=" " ind2=" ">
      <subfield code="a">band</subfield>
      <subfield code="b">nc</subfield>
      <subfield code="2">rdacarrier/dut</subfield>
    </datafield>
    <datafield tag="340" ind1=" " ind2=" ">
      <subfield code="m">8-o.</subfield>
    </datafield>
    <datafield tag="510" ind1="4" ind2=" ">
      <subfield code="a">Saakes 6 (1814),</subfield>
      <subfield code="c">p. 90</subfield>
    </datafield>
    <datafield tag="530" ind1=" " ind2=" ">
      <subfield code="a">Titel is gedigitaliseerd voor de Universiteit van Amsterdam in het kader van het Google Books-project.</subfield>
    </datafield>
    <datafield tag="600" ind1="1" ind2="4">
      <subfield code="a">Gorter, David de,</subfield>
      <subfield code="c">Joh. fil.,</subfield>
      <subfield code="d">1717-1783.</subfield>
      <subfield code="0">(NL-LeOCL)06892285X</subfield>
    </datafield>
    <datafield tag="650" ind1=" " ind2="4">
      <subfield code="a">42.40 botany: general.</subfield>
    </datafield>
    <datafield tag="650" ind1=" " ind2="7">
      <subfield code="a">42.40 botany: general.</subfield>
      <subfield code="0">(NL-LeOCL)077603206</subfield>
      <subfield code="2">bcl</subfield>
    </datafield>
    <datafield tag="650" ind1="1" ind2="7">
      <subfield code="a">Plantkunde.</subfield>
      <subfield code="2">gtt</subfield>
      <subfield code="0">(NL-LeOCL)078629217</subfield>
    </datafield>
    <datafield tag="600" ind1="1" ind2="7">
      <subfield code="a">Gorter, David de,</subfield>
      <subfield code="c">Joh. fil.,</subfield>
      <subfield code="d">1717-1783.</subfield>
      <subfield code="0">(NL-LeOCL)06892285X</subfield>
      <subfield code="2">nta</subfield>
    </datafield>
    <datafield tag="710" ind1="0" ind2=" ">
      <subfield code="a">Altheer, Johannes (Utrecht)</subfield>
      <subfield code="4">prt</subfield>
      <subfield code="0">(NL-LeOCL)077135229</subfield>
    </datafield>
    <datafield tag="758" ind1=" " ind2=" ">
      <subfield code="a">Plantarum belgii confoederati indigenarum spicilegium alterum, quo Gorteri Flora VII. Provinciarum amplificatur [et] illustratur (Text)</subfield>
      <subfield code="1">https://id.oclc.org/worldcat/entity/E39PCYBw76PPyKVTT9KPRdfkBd</subfield>
      <subfield code="4">https://id.oclc.org/worldcat/ontology/hasWork</subfield>
    </datafield>
    <datafield tag="776" ind1="0" ind2=" ">
      <subfield code="t">Plantarum Belgii confoederati indigenarum spicilegium alterum, quo Gorteri Flora 7. provinciarum amplificatur &amp; illustratur</subfield>
      <subfield code="w">(NL-LeOCL)397003196</subfield>
    </datafield>
    <datafield tag="776" ind1="0" ind2=" ">
      <subfield code="t">Plantarum Belgii confoederati indigenarum spicilegium alterum, quo Gorteri Flora 7. provinciarum amplificatur &amp; illustratur</subfield>
      <subfield code="w">(NL-LeOCL)404386415</subfield>
    </datafield>
    <datafield tag="936" ind1=" " ind2=" ">
      <subfield code="a">BATCHLOAD</subfield>
    </datafield>
  </record>